Statistics for The Shire (Lord of the Rings Book Quiz)

Click here to take the quiz!

General Stats

  • This quiz has been taken 14 times
  • The average score is 9 of 14

Answer Stats

HintAnswer% Correct
The name of Bilbo's, and later Frodo's, houseBag End
100%
Number of farthings in the Shire4
90%
Where Merry comes fromBuckland
80%
Village where the answer to question one is locatedHobbiton
80%
The character who tries to control the Shire at the end of the First Age and goes by the name of SharkeySaruman
80%
The ancient forest located eastern border of BucklandThe Old Forest
80%
Where Sam Gamgee lived in Hobbiton before leaving the ShireBagshot Row
60%
The name of the elf who the hobbits meet in the ShireGildor Inglorion
60%
How the hobbits crossed the Brandywine RiverThe Bucklebury Ferry
60%
Location of the Shire in Middle-earthCentral Eriador
50%
Where Pippin comes fromTookland
50%
The house in which Frodo lived as a young childBrandy Hall
40%
Where the house Frodo pretended he was moving to was locatedCrickhollow
40%
Name of the lake just north of the town of BywaterThe Bywater Pool
10%

Score Distribution

Percentile by Number Answered

Percent of People with Each Score

Your Score History

You have not taken this quiz